| 000 | 00734nam a22001815i 4500 | ||
|---|---|---|---|
| 001 | 167961 | ||
| 003 | ES-MaACL | ||
| 005 | 20250626063214.0 | ||
| 008 | 050930s1853 au | |||||||| ||ger d | ||
| 040 |
_aCAM _bspa _cCAM |
||
| 100 | 1 |
_aWolf, Ferdinand Joseph, _d1796-1866 _9133954 |
|
| 245 | 1 | 4 |
_aEin beitrag zur bibliographie der cancioneros und zur geschichte der spanischen kunstlyrik _b: am hofe Kaiser Karl's V / _cvon Ferdinand Wolf. |
| 260 |
_aWien : _bAus der K.K. Hof, _c1853. |
||
| 300 |
_a54 p. ; _c23 cm. |
||
| 650 | 4 |
_aPoesía española- _yHasta S.XV- _vBibliografías. _9154792 |
|
| 852 |
_aES-MaACL _jT-245-F-4 _z-- Enc. hol., falto de la cub. original _z-- Enc. en un vol. facticio |
||
| 999 |
_c167961 _d167961 |
||